| 000 | 00734nam a2200229 i 4500 | ||
|---|---|---|---|
| 001 | bg | ||
| 100 | 1 | _aKOMOSA, Andrzej | |
| 245 | 1 | 0 |
_aTechnika biurowa / _cAndrzej Komosa. |
| 260 |
_aWarszawa : _b"Ekonomik", _c2000. |
||
| 300 |
_a126 s. : _bil. ; _c30 cm. |
||
| 504 | _aBibliogr. | ||
| 521 | _aPodręcznik dla uczniów liceum ekonomicznego i policealnego studium zawodowego oraz dla uczniów zdobywających zawody - technik prac biurowych i technik administracji. | ||
| 650 | 9 | _aBiurowość | |
| 655 | _aPodręczniki dla szkół zawodowych | ||
| 020 | _a8387095222 | ||
| 040 | _cBPK | ||
| 041 | 0 | _apl | |
| 080 | _a651(075.3.053.7) | ||
| 920 | _a83-87095-22-2 | ||
| 942 | _cKS | ||
| 008 | s pl f |000 0 pol | ||
| 999 |
_c40333 _d40333 |
||
| 856 |
_uhttp://koha.tu.koszalin.pl/cgi-bin/koha/opac-detail.pl?biblionumber=40333 _yKatalog online BPK |
||